<?xml version="1.0" encoding="UTF-8"?><?xml-stylesheet type="text/xsl" href="static/style.xsl"?><OAI-PMH xmlns="http://www.openarchives.org/OAI/2.0/" xmlns:xsi="http://www.w3.org/2001/XMLSchema-instance" xsi:schemaLocation="http://www.openarchives.org/OAI/2.0/ http://www.openarchives.org/OAI/2.0/OAI-PMH.xsd"><responseDate>2026-04-13T18:27:17Z</responseDate><request verb="GetRecord" identifier="oai:www.recercat.cat:10256/22907" metadataPrefix="marc">https://recercat.cat/oai/request</request><GetRecord><record><header><identifier>oai:recercat.cat:10256/22907</identifier><datestamp>2024-05-22T09:51:06Z</datestamp><setSpec>com_2072_452955</setSpec><setSpec>com_2072_2054</setSpec><setSpec>col_2072_452957</setSpec></header><metadata><record xmlns="http://www.loc.gov/MARC21/slim" xmlns:dcterms="http://purl.org/dc/terms/" xmlns:xsi="http://www.w3.org/2001/XMLSchema-instance" xmlns:doc="http://www.lyncode.com/xoai" xsi:schemaLocation="http://www.loc.gov/MARC21/slim http://www.loc.gov/standards/marcxml/schema/MARC21slim.xsd">
   <leader>00925njm 22002777a 4500</leader>
   <datafield ind2=" " ind1=" " tag="042">
      <subfield code="a">dc</subfield>
   </datafield>
   <datafield ind2=" " ind1=" " tag="720">
      <subfield code="a">Rosa, Josep Lluís de la</subfield>
      <subfield code="e">author</subfield>
   </datafield>
   <datafield ind2=" " ind1=" " tag="720">
      <subfield code="a">El-Fakdi Sencianes, Andrés</subfield>
      <subfield code="e">author</subfield>
   </datafield>
   <datafield ind2=" " ind1=" " tag="720">
      <subfield code="a">Ballesteros-Rodríguez, Alberto</subfield>
      <subfield code="e">author</subfield>
   </datafield>
   <datafield ind2=" " ind1=" " tag="260">
      <subfield code="c">2023-03-30</subfield>
   </datafield>
   <datafield ind2=" " ind1=" " tag="520">
      <subfield code="a">Funding shortages are a persistent issue, particularly for small and medium-sized enterprises (SMEs), and the problem tends to worsen cyclically. The market for factoring and invoice discounting aims to address delays in payment for commercial invoices. These involves sellers present unpaid invoices to financial organizations, typically banks, who provide an advance payment. The implementations of the factoring services without intermediaries in blockchain of the state of the art are all based on the publication on-chain of all the invoices, use know your customer (KYC) mechanisms, and over-collateralize the invoices. This article proposes a new, decentralized approach to lending services that completely eliminates intermediaries and does not require strong KYC, yet it is reasonably resilient. The approach uses liquidity pools and associated heuristics to create a model of risk compensation. In this model, a formula measures the contributed collateral to an invoice and the risk of a late invoice or non-payment, using the Kelly criterion to calculate the optimal premium for funding said invoice in the liquidity pool. The algorithm’s performance is tested in many scenarios involving several invoice amounts, collaterals, payment delays, and non-payment rates. The study also examines premium distribution policies and hack scenarios involving bogus, non-payable invoices. The outcome is a decentralized market that uses the Kelly criterion and is reasonably resilient to a wide range of invoicing scenarios, including 5% non-payment rates and 10% bogus invoices, yet provides a sound profit to liquidity providers. The algorithm’s resilience is enhanced by several premium distribution policies over partially collateralized invoices from 50 to 70%, resulting in optimal premium withdrawal policies every 30 days, making it the first protocol for loanable funds that does not require over-collateralization to be profitable and resilient</subfield>
   </datafield>
   <datafield ind1="8" ind2=" " tag="024">
      <subfield code="a">http://hdl.handle.net/10256/22907</subfield>
   </datafield>
   <datafield tag="653" ind2=" " ind1=" ">
      <subfield code="a">Cadena de blocs (Bases de dades)</subfield>
   </datafield>
   <datafield tag="653" ind2=" " ind1=" ">
      <subfield code="a">Blockchains (Databases)</subfield>
   </datafield>
   <datafield tag="653" ind2=" " ind1=" ">
      <subfield code="a">Business enterprises -- Finance</subfield>
   </datafield>
   <datafield tag="653" ind2=" " ind1=" ">
      <subfield code="a">Empreses -- Finances -- Models matemàtics</subfield>
   </datafield>
   <datafield tag="653" ind2=" " ind1=" ">
      <subfield code="a">Business enterprises -- Finance -- Mathematical models</subfield>
   </datafield>
   <datafield tag="653" ind2=" " ind1=" ">
      <subfield code="a">Factures -- Models matemàtics</subfield>
   </datafield>
   <datafield tag="653" ind2=" " ind1=" ">
      <subfield code="a">Invoices -- Mathematical models</subfield>
   </datafield>
   <datafield ind2="0" ind1="0" tag="245">
      <subfield code="a">Invoice Discounting Using Kelly Criterion by Automated Market Makers-like Implementations</subfield>
   </datafield>
</record></metadata></record></GetRecord></OAI-PMH>